| 000 | 00466nam a2200181Ia 4500 | ||
|---|---|---|---|
| 001 | 2652 | ||
| 005 | 20260306144822.0 | ||
| 008 | 260306t2003||||xx |||||||||||||| ||spa|| | ||
| 041 | _aESP | ||
| 082 |
_a200 _bF61 |
||
| 100 |
_aFlores Martínez, Nancy _eAUT |
||
| 245 | 0 | _aPresencia de la iglesia católica y religiosidad en el mundo salitrero | |
| 260 | _c2003 | ||
| 300 |
_a347 páginas : _c22 cm. |
||
| 650 | _aGEN | ||
| 654 | _aCHU | ||
| 942 |
_cLIB _dJUS _fJUS _2ddc _n |
||
| 999 |
_c2652 _d2652 |
||